| 000 | 00438nas a2200169 4500 | ||
|---|---|---|---|
| 001 | 000037540 | ||
| 005 | 20200930080426.0 | ||
| 008 | 120423c19999999dr ur1p dd 0 0spa d | ||
| 040 |
_aDO-SdBNP _bspa _cBNPHU |
||
| 043 | _anwdr | ||
| 245 | 0 | 0 | _aWow. |
| 260 |
_aSanto Domingo : _bEl Siglo. |
||
| 300 |
_av.- : _bil. ; _c29 cm. |
||
| 310 | _aDesconocido | ||
| 362 | 1 | _a(jul./ago. 1999) | |
| 500 | _aCatalogación basada en : (jul./ago. 1999) | ||
| 999 |
_c37030 _d37030 |
||